02826cam a22002775ab45000010009000000050017000090080041000260200018000670400035000850820024001201000029001442450100001732600074002733000034003475000024003815000027004055040041004325201721004735210066021946500042022606510010023026530036023129420024023489990017023729520159023891117796320151001114733.0141002t2015 caua frbd 001 0 eng d a9780128022047 aBIP USbengdWaSeSSdEG-ScBUE 04a338.927011bHIG2221 aHiggins, Karen L.93841010aEconomic growth and sustainability :bsystems thinking for a complex world /cKaren L. Higgins. aSan Diego ;aLondon ;aWaltham :bAcademic Press / Elsevier,cc.2015. axix, 201 p. :bill. ;c23 cm. aIndex : p. 195-201. aGlossary : p. 191-194. aIncludes bibliographical references.8 aAnnotationbHow to sustain our world for future generations has perplexed us for centuries. We have reached a crossroads: we may choose the rocky path of responsibility or continue on the paved road of excess that promises hardship for our progeny. Independent efforts to resolve isolated issues are inadequate. Different from these efforts and from other books on the topic, this book uses systems thinking to understand the dominant forces that are shaping our hope for sustainability. It first describes a mental model - the bubble that holds our beliefs - that emerges from preponderant world views and explains current global trends. The model emphasizes economic growth and drives behavior toward short-term and self-motivated outcomes that thwart sustainability. The book then weaves statistical trends into a system diagram and shows how the economic, environmental, and societal contributors of sustainability interact. From this holistic perspective, it finds leverage points where actions can be most effective and combines eight areas of intervention into an integrated plan. By emphasizing both individual and collective actions, it addresses the conundrum of how to blend human nature with sustainability. Finally, it identifies primary three lessons we can learn by applying systems thinking to sustainability. Its metaphor-rich and accessible style makes the complex topic approachable and allows the reader to appreciate the intricate balance required to sustain life on Earth. Highlights the application of system thinking in economicsIdentifies systemic leveraging actions for achieving sustainabilityOutlines a comprehensive and integrated plan for achieving sustainable stewardship in the future aScholarly & ProfessionalbElsevier Science & Technology Books 7aSustainable development.2BUEsh93569 2BUEsh bBUSECOcJune2015cSeptember2015 2ddck338.927011 HIG c19701d19673 00102ddc40708AlahramaMAINbMAINc1STd2015-06-16ePurchaseg631.00h317l2m1o338.927011 HIGp000038564r2025-07-15 00:00:00s2020-11-17v788.75yBB